Periodismo narrativo
Сохранить в:
| Главный автор: | |
|---|---|
| Формат: | |
| Язык: | испанский |
| Опубликовано: |
Santiago
Ril Editores
2009
|
| Редактирование: | 1a. ed |
| Предметы: | |
| Метки: |
Добавить метку
Нет меток, Требуется 1-ая метка записи!
|
MARC
| LEADER | 00000cam a2200000 a 4500 | ||
|---|---|---|---|
| 001 | UCF8651 | ||
| 003 | CL-VaPUC | ||
| 008 | 130930e20091100cl |||||||||||||||||spa|d | ||
| 020 | |a 9789562847056 | ||
| 082 | 0 | 4 | |a 070.4 |b HER |2 21 |
| 100 | |a Herrscher, Roberto |e author |9 570779 | ||
| 245 | 1 | 0 | |a Periodismo narrativo |
| 250 | |a 1a. ed | ||
| 300 | |a 335 p | ||
| 942 | |c BK | ||
| 945 | |d 20130930 13:19:00 |a dcastane | ||
| 260 | |a Santiago |b Ril Editores |c 2009 | ||
| 650 | 0 | |a Periodismo |9 310113 | |
| 650 | 7 | |a PERIODISMO Y LITERATURA |2 CL-VaPUC |9 491241 | |
| 583 | |a last modification |c 20130930 13:19:00 |k Rodrigo Vera | ||
| 999 | |c 353218 |d 353216 | ||
| 952 | |0 0 |1 0 |3 erb |4 0 |6 070_400000000000000_HER_2009 |7 0 |8 A |9 458300 |a BIBCUR |b BIBCUR |d 2019-11-23 |i 5011647 |o 070.4 HER 2009 |p 5011647 |r 2025-04-22 |w 2019-11-23 |y BK |z Catalogado en:20130930 |k PER | ||